000 00481nam a2200169Ia 4500
003 GCL
008 140319s9999 xx 000 0 ara d
040 _aGCL /
_cGCL
082 0 4 _a813.03
_bح م
100 1 _aحسن محسب
245 1 0 _aالمصير /
_cحسن محسب
300 _a229 ص
490 _aسلسلة مكتبة الاسرة
_v0
650 0 4 _aالادب العربى - العصر الحديث
650 0 4 _aالقصص العربية - مصر
942 _2ddc
_cBK
999 _c50180
_d50180